000 00359nam a2200133Ia 4500
005 20260328101514.0
008 260328s9999||||xx |||||||||||||| ||und||
100 _aBercovici, Mircea
245 0 _aCalea Grivitei :
_b Ensemble Architectural /
_cMircea Bercovici
260 _bMeridiane Publishing House
300 _a81 p.
650 _aARQUITECTOS
942 _cBK
999 _c9307
_d9307